000 00541nam a2200181Ia 4500
008 100917s9999 xx 000 0 und d
082 _b10101
100 _aदेवगिरीकर त्र्यंबक रघुनाथ
245 _aवल्लभ भाई पटेल
260 _b---
_c1971
300 _a424
365 _b16
520 _aचरित्र
630 _aवल्लभ भाई पटेल
650 _aचरित्र
730 _aवल्लभ भाई पटेल
942 _cBOOK
999 _c615495
_d615492